20 Most Common English Words - Sudden Death - Statistics

General Stats
  • This quiz has been taken 559 times
  • The average score is 7 of 20
Answers on the Grid
Answers color-coded by a green-red scale on the quiz's grid according to % correct below.
what
want
at
up
to
I
they
the
that
so
a
she
quiz
because
people
on
of
with
as
you
not
make
have
be
punk
he
time
jet
it
in
his
go
for
do
would
and
 
Answer Stats
Answer % Correct
I
83%
a
78%
to
65%
the
61%
it
54%
at
44%
of
43%
and
42%
in
42%
you
35%
be
31%
for
26%
that
22%
on
21%
do
20%
he
19%
as
16%
have
15%
not
13%
with
12%
No matching quizzes found
Score Distribution
Percent of People with Each Score
Percentile by Number Answered
Your Score History
You have not taken this quiz